000
00273nmm a2200097Ia 4500
008
220120s9999||||xx |||||||||||||||||und||
020
_a
0-07-052929
100
_a
CHIP magazine
245
0
_a
May 2011 : Poer tools, 158 full free applications, linux des
260
_a
Infomedia18
999
_c
139677
_d
139677